SPECTROSCOPY (Record no. 18883)
[ view plain ]
| 000 -LEADER | |
|---|---|
| fixed length control field | 00369nam a2200145Ia 4500 |
| 005 - DATE AND TIME OF LATEST TRANSACTION | |
| control field | 20250409181409.0 |
| 008 - FIXED-LENGTH DATA ELEMENTS--GENERAL INFORMATION | |
| fixed length control field | 250409s9999||||xx |||||||||||||| ||und|| |
| 020 ## - INTERNATIONAL STANDARD BOOK NUMBER | |
| International Standard Book Number | 978-81-315-0576-2 |
| 100 ## - MAIN ENTRY--PERSONAL NAME | |
| Personal name | PAVIA DONALD L LAMPMAN GARY M |
| 245 #0 - TITLE STATEMENT | |
| Title | SPECTROSCOPY |
| 260 ## - PUBLICATION, DISTRIBUTION, ETC. | |
| Name of publisher, distributor, etc. | BROOKS/COLE CENGAGE LEARNING |
| Place of publication, distribution, etc. | AUSTRALIA |
| 300 ## - PHYSICAL DESCRIPTION | |
| Extent | 690 |
| 650 ## - SUBJECT ADDED ENTRY--TOPICAL TERM | |
| Form subdivision | Chemistry |
| 942 ## - ADDED ENTRY ELEMENTS (KOHA) | |
| Koha item type | BOOK |
| Withdrawn status | Lost status | Damaged status | Not for loan | Collection | Home library | Current library | Shelving location | Date acquired | Total checkouts | Full call number | Barcode | Date last seen | Price effective from | Koha item type |
|---|---|---|---|---|---|---|---|---|---|---|---|---|---|---|
| Chemistry | St.Dominics College Library | St.Dominics College Library | General Stack | 04/09/2025 | 543.5 PAV | 27994 | 04/09/2025 | 04/09/2025 | BOOK |